000 00266nam a2200109Ia 4500
008 190902s9999||||xx |||||||||||||| ||und||
100 _aKatchi,Haji Essa
245 0 _aMukhzin e Adab
260 _akarachi
_bsubha taseenf o taleef
_c2015
300 _a343p.:
942 _cBK
999 _c2820
_d2820